000 00213nam a22000857a 4500
008 170110b xxu||||| |||| 00| 0 eng d
100 _92289
_aSawhney.P.
245 _aWork Books Maths-III
260 _aNew Delhi
_bAPC
_c2011
999 _c5186
_d5186